000 01715nam0a2200373 4500
001 RU\NLR\bibl\52864
005 20260405093824.0
010 _a5-86894-187-Х
_93000
021 _aRU
_b99-27649
_91348
035 _a(NLR Aleph) 000051577
090 _a276590
_c276590
100 _a19991014d1999 |||y0rusy50 ca
101 0 _arus
102 _aRU
105 _aa |||||||||
200 1 _aСловарик трудных слов
_eУчеб. пособие для письм. творч. заданий
_fВ.М.Кузнецов, Р.Д.Кузнецова, Н.В.Кузнецова
210 _aМ.
_cОсь-89
_d1999
215 _a95 с.
_cил.
_d28
300 _aНа обороте тит.л. 1-й авт.: проф., д.п.н. В.М.Кузнецов
320 _aАлф. указ.: с.85-87
320 _aБиблиогр. в подстроч. примеч.
606 0 _aРусский язык
_jУчебные издания
_91533567
_3RU\NLR\auth\66969347
686 _aШ141.12-922.1[1/4]
700 1 _4070
_8rus
_7ca
_aКузнецов
_bВ. М.
_cд-р пед. наук
_f1947-
_gВладимир Михайлович
_3RU\NLR\auth\7734673
_917676
701 1 _4070
_8rus
_7ca
_aКузнецова
_bР. Д.
_cпедагог-методист
_gРаиса Дмитриевна
_3RU\NLR\auth\7734675
_917678
701 1 _4070
_8rus
_7ca
_aКузнецова
_bН. В.
_cпедагог-методист, рус. язык
_gНаталья Владимировна
_3RU\NLR\AUTH\7734671
_917674
801 0 _aRU
_bNLR
_c19991014
_gPSBO
801 1 _aRU
_bNLR
_c19991014
830 _aАвт. раскрыты по кн.
852 _aNLR
_j99-8/1601
942 _cBOOK
980 _aNB